00412pab a2200145 454500008004000000100001700040245010600057260000900163300001300172362000800185650002500193650001000218700001800228773002000246180718b2003 xxu||||| |||| 00| 0 eng d aSharma, R.D. aRole effectiveness of rural banks in uplifting marginal communities: a case study of Jammu Rural Bank c2003 ap.53-62. aMar aBanks - Case studies aBanks aKaur, Gurjeet aBusiness Review